000 00642nam a22002291c 4500
001 a987677432
008 161014s2016 gw |||| 000u rus d
020 _a9785444805596
_9978-5-444-80559-6
041 _arus
100 1 _aRožkov, Aleksandr Ju.
245 0 0 _aV krugu sverstnikov :
_bŽiznennyj mir molodogo čeloveka v sovetskoj Rossii 1920-ch godov
250 _a2. Aufl.
264 _aMoskva :
_bNovoe literaturnoe obozrenie,
_c2016
300 _a640 Seiten
650 0 _aJugend
650 0 _aAlltag
651 0 _aSowjetunion
942 _cMG
040 _cRU-10907106
003 RU-10907106
999 _c9915
_d9915
490 0 _aKul'tura povsednevnosti